|
|
|
|
| LEADER |
00000nab a2200000 a 4500 |
| 001 |
vtls008187874 |
| 003 |
SK-MaSNL |
| 005 |
20260305041153.0 |
| 008 |
050803c20050801xo mr| 0 0slo |
| 015 |
|
|
|a RVGKPD2005/08
|
| 038 |
|
|
|a RVGKPD
|
| 040 |
|
|
|a RVGKPD
|b slo
|c RVGKPD
|e AACR2
|
| 041 |
0 |
|
|a slo
|
| 044 |
|
|
|a xo
|c SK
|
| 080 |
|
|
|a 379.835
|2 UDC-MRF-SK2
|
| 100 |
1 |
|
|a Krausová, Stela
|4 aut
|9 268152
|
| 245 |
1 |
0 |
|a Do remeselníckeho tábora prišiel rekordný počet ľudí
|c Stela Krausová
|
| 300 |
|
|
|b Fotogr.
|
| 611 |
2 |
7 |
|a Remeselnícky tábor pre deti i dospelých
|n (4. :
|d 2005 :
|c Krásnohorská Dlhá Lúka, Slovensko)
|2 rvgkpd
|9 1621409
|
| 651 |
|
7 |
|a Krásnohorská Dlhá Lúka (Slovensko)
|2 rvgkpd
|9 98974
|
| 651 |
|
7 |
|a Rožňava (Slovensko : okres)
|2 rvgkpd
|9 19215
|
| 773 |
0 |
|
|t Korzár : Gemerský denník
|g Roč. VII, č. 177 (1.8.2005), s. 1, 2
|x 1335-7581
|
| 852 |
|
|
|a RVGKPD
|b KIS3GCP
|
| 992 |
|
|
|a RBX
|
| 999 |
|
|
|c 3342549
|d 3344479
|